Southville International School and Colleges
Your cart is empty.
  • Cart
  • Lists
    Public lists list_1 View all
    Your lists Log in to create your own lists
  • Log in to your account
  • Your cookies
  • Search history
Southville International School and Colleges
  • Advanced search
  • Recent comments
  • Most popular
  • Libraries

Log in to your account

Log in with GOOGLE


If you do not have an external account, but do have a local account, you can still log in:

  1. Home
  2. MARC view: Food and beverage service /
Normal view MARC view ISBD view

Food and beverage service / (Record no. 284781)

[ view plain ]
MARC details
000 -LEADER
fixed length control field 00656nam a22002177a 4500
003 - CONTROL NUMBER IDENTIFIER
control field PILC
005 - DATE AND TIME OF LATEST TRANSACTION
control field 20150818104619.0
008 - FIXED-LENGTH DATA ELEMENTS--GENERAL INFORMATION
fixed length control field 130223t xxu||||| |||| 00| 0 eng d
020 ## - INTERNATIONAL STANDARD BOOK NUMBER
International Standard Book Number 0713185406
050 ## - LIBRARY OF CONGRESS CALL NUMBER
Classification number TX 911.3.T73
Item number .L55 1983
082 ## - DEWEY DECIMAL CLASSIFICATION NUMBER
Classification number HSF 642.619
Item number L62 1983
100 ## - MAIN ENTRY--PERSONAL NAME
Personal name Lillicrap, D. R.
9 (RLIN) 11322
245 ## - TITLE STATEMENT
Title Food and beverage service /
Statement of responsibility, etc Lillicrap, Dennis.
250 ## - EDITION STATEMENT
Edition statement 2nd edition.
260 ## - PUBLICATION, DISTRIBUTION, ETC. (IMPRINT)
Place of publication, distribution, etc Mill Road, Dunton Green, Sevenoaks, Kent :
Name of publisher, distributor, etc Hodder and Stoughton Ltd,
Date of publication, distribution, etc 1983.
300 ## - PHYSICAL DESCRIPTION
Extent vi, 217 pages :
Other physical details illustration ;
Dimensions 25 cm.
500 ## - GENERAL NOTE
General note Includes index.
650 ## - SUBJECT ADDED ENTRY--TOPICAL TERM
Topical term or geographic name as entry element Food service.
650 ## - SUBJECT ADDED ENTRY--TOPICAL TERM
Topical term or geographic name as entry element Beverage.
942 ## - ADDED ENTRY ELEMENTS (KOHA)
Source of classification or shelving scheme Library of Congress Classification
Koha item type Books
Holdings
Withdrawn status Lost status Source of classification or shelving scheme Damaged status Home library Current library Shelving location Date acquired Source of acquisition Total Checkouts Full call number Barcode Date last seen Price effective from Koha item type Public note
Withdrawn   Library of Congress Classification   Southville International School Affiliated with Foreign Universities Library Southville International School Affiliated with Foreign Universities Library   06/08/2015 Donation   TX 911.3.T73 .L55 1983 SFU1956 05/15/2018 06/08/2015 Books Book donated
Withdrawn   Library of Congress Classification   Southville International School Affiliated with Foreign Universities Library Southville International School Affiliated with Foreign Universities Library   06/08/2015 Donation   TX 911.3.T73 .L55 1983 SFU1957 05/15/2018 06/08/2015 Books Books donated
Withdrawn   Library of Congress Classification   Southville International School Affiliated with Foreign Universities Library Southville International School Affiliated with Foreign Universities Library   06/08/2015 Donation   TX 911.3.T73 .L55 1983 SFU1958 05/15/2018 06/08/2015 Books Books donated
Withdrawn   Library of Congress Classification   Southville International School Affiliated with Foreign Universities Library Southville International School Affiliated with Foreign Universities Library   08/18/2015 Donation   TX 911.3.T73 .L55 1983 SFU2529 05/15/2018 08/18/2015 Books Books donated

Food and beverage service /

APA

Lillicrap D. R., . (1983). Food and beverage service. Mill Road, Dunton Green, Sevenoaks, Kent: Hodder and Stoughton Ltd.

Chicago

Lillicrap D R, . 1983. Food and beverage service. Mill Road, Dunton Green, Sevenoaks, Kent: Hodder and Stoughton Ltd.

Harvard

Lillicrap D. R., . (1983). Food and beverage service. Mill Road, Dunton Green, Sevenoaks, Kent: Hodder and Stoughton Ltd.

MLA

Lillicrap D R, . Food and beverage service. Mill Road, Dunton Green, Sevenoaks, Kent: Hodder and Stoughton Ltd. 1983.

  • Print
  • Cite
  • Add to your cart (remove)
  • Save record
    BIBTEX Dublin Core MARCXML MARC (non-Unicode/MARC-8) MARC (Unicode/UTF-8) MARC (Unicode/UTF-8, Standard) MODS (XML) RIS
  • More searches
    Search for this title in:
    Other Libraries (WorldCat) Other Databases (Google Scholar) Online Stores (Bookfinder.com) Open Library (openlibrary.org)

Exporting to Dublin Core...

SOUTHVILLE LIBRARY

Southville International School and Colleges Library

1281 Tropical Ave. Cor. Luxembourg St., BF Homes International, Las Pinas City

Tel. No. 8256374 / 252358 Loc. 117/146

Powered by Koha